[Event "Moscow Open B 2014"]
[Site "Moscow RUS"]
[Date "2014.02.09"]
[Round "9.2"]
[White "Girya, Olga"]
[Black "Goryachkina, Aleksandra"]
[Result "1-0"]
[WhiteTitle "WGM"]
[BlackTitle "WGM"]
[WhiteElo "2438"]
[BlackElo "2428"]
[WhiteFideId "4195752"]
[BlackFideId "4147103"]
[EventDate "2014.02.01"]

1. Nf3 c5 2. c4 Nc6 3. Nc3 e5 4. g3 g6 5. Bg2 Bg7 6. O-O Nge7 7. Ne1 d6 8. Nc2
O-O 9. Ne3 Be6 10. Ned5 Rb8 11. a3 a6 12. b4 b5 13. cxb5 axb5 14. Rb1 Nxd5 15.
Nxd5 Ne7 16. Nxe7+ Qxe7 17. d3 Rfd8 18. h4 h6 19. Be3 c4 20. dxc4 bxc4 21. Bd5
Rdc8 22. b5 c3 23. Qb3 c2 24. Rbc1 e4 25. b6 Be5 26. a4 Rc3 27. Bxe6 fxe6 28.
Qb4 Qb7 29. Bd4 Bxd4 30. Qxd4 Rbc8 31. a5 d5 32. Qf6 Kh7 33. Qxe6 Ra3 34. f3
exf3 35. Rxf3 Rxf3 36. exf3 d4 37. h5 gxh5 38. Qf5+ Kg7 39. Rxc2 Rxc2 40. Qxc2
Qxf3 41. Qf2 Qe4 42. Kh2 d3 43. a6 Qe2 44. Kg2 Qc2 45. b7 d2 46. b8=Q d1=Q 47.
Qf8+ Kh7 48. Qf7+ Kh8 49. Qf8+ Kh7 50. Qf5+ Qxf5 51. Qxf5+ Kg7 52. Qe5+ Kf7 53.
Qf5+ Kg7 54. a7 Qa4 55. Qe5+ Kg6 56. Qd6+ Kg7 57. Qc7+ Kg6 58. Qd6+ Kg7 59. Qc7+
Kg6 60. Kf3 Qd1+ 61. Ke4 Qe2+ 62. Kd5 Qf3+ 63. Kc5 Qe3+ 64. Kb5 Qb3+ 65. Ka6 Qf3
66. Qb6+ Kf5 67. Qb1+ Kg4 68. Qg6+ Kh3 69. Qd6 Kg2 70. Kb6 Qe3+ 71. Kb7 Qb3+ 72.
Kc7 1-0

[Event "Moscow Open B 2014"]
[Site "Moscow RUS"]
[Date "2014.02.09"]
[Round "9.3"]
[White "Kashlinskaya, Alina"]
[Black "Kovanova, Baira"]
[Result "1/2-1/2"]
[WhiteTitle "WGM"]
[BlackTitle "WGM"]
[WhiteElo "2433"]
[BlackElo "2400"]
[WhiteFideId "4198026"]
[BlackFideId "4164083"]
[EventDate "2014.02.01"]

1. d4 Nf6 2. c4 e6 3. Nc3 Bb4 4. e3 O-O 5. Bd3 d5 6. Nf3 c5 7. O-O b6 8. Ne2
dxc4 9. Bxc4 cxd4 10. Nexd4 Bb7 11. a3 Be7 12. b4 a5 13. bxa5 Rxa5 14. a4 Nc6
15. Bb5 Nxd4 16. Nxd4 Qa8 17. f3 Rd8 18. Qe2 Nd5 19. Nb3 Ra7 20. Bb2 Bg5 21. Bd4
e5 22. Bxe5 Bxe3+ 23. Kh1 Bc6 24. Bc4 Re7 25. Qb2 f6 26. Bd4 Kh8 27. a5 Bxd4 28.
Nxd4 bxa5 29. Rxa5 Qxa5 30. Nxc6 Qb6 31. Qxb6 Nxb6 32. Nxe7 Nxc4 33. Kg1 g6 34.
Rc1 Ne5 35. Rc8 Rxc8 36. Nxc8 Kg7 37. Kf2 Kf7 38. Nd6+ Ke6 39. Ne4 Nc4 40. f4
Kf5 41. Kf3 1/2-1/2

[Event "Moscow Open B 2014"]
[Site "Moscow RUS"]
[Date "2014.02.09"]
[Round "9.4"]
[White "Bodnaruk, Anastasia"]
[Black "Suslova, Alena"]
[Result "1-0"]
[WhiteTitle "IM"]
[BlackTitle "WFM"]
[WhiteElo "2452"]
[BlackElo "2220"]
[WhiteFideId "4181751"]
[BlackFideId "24111643"]
[EventDate "2014.02.01"]

1. e4 c5 2. Nf3 Nc6 3. d4 cxd4 4. Nxd4 g6 5. c4 Bg7 6. Be3 Nf6 7. Nc3 Ng4 8.
Qxg4 Nxd4 9. Qd1 Nc6 10. Qd2 O-O 11. Be2 d6 12. O-O Qa5 13. Rfc1 Be6 14. a3 Rfc8
15. b4 Qd8 16. Rab1 Ne5 17. Nd5 Ng4 18. Bg5 f6 19. Bf4 Ne5 20. Be3 Ng4 21. Nf4
Bd7 22. Bxg4 Bxg4 23. Qd5+ Kh8 24. Qxb7 g5 25. Nd3 Be6 26. Qa6 Qg8 27. c5 d5 28.
f3 g4 29. Kf2 gxf3 30. Nf4 Bf7 31. gxf3 dxe4 32. fxe4 f5 33. exf5 Ba2 34. Ra1
Rf8 35. Qe2 Bb3 36. Qh5 Bf7 37. Qh3 e5 38. Ne2 Bg6 39. Ng3 Bxf5 40. Nxf5 Qe6 41.
Kg1 Rxf5 42. Kh1 Raf8 43. Rg1 Qf7 44. Rg2 Rf3 45. Rg3 e4 46. Rag1 Be5 47. Rxf3
exf3 48. Bf2 Qf6 49. Qh4 Qc6 50. Qe7 Re8 51. Qf7 Rd8 52. Qf5 Re8 53. Re1 Qd5 54.
Rxe5 Qd1+ 55. Bg1 Rxe5 56. Qf8# 1-0

[Event "Moscow Open B 2014"]
[Site "Moscow RUS"]
[Date "2014.02.09"]
[Round "9.5"]
[White "Pustovoitova, Daria"]
[Black "Batsiashvili, Nino"]
[Result "0-1"]
[WhiteTitle "FM"]
[BlackTitle "IM"]
[WhiteElo "2288"]
[BlackElo "2428"]
[WhiteFideId "4182146"]
[BlackFideId "13602993"]
[EventDate "2014.02.01"]

1. d4 Nf6 2. c4 e6 3. g3 c5 4. d5 exd5 5. cxd5 d6 6. Nc3 g6 7. Nf3 Bg7 8. Bg2
O-O 9. O-O Re8 10. Nd2 a6 11. a4 Nbd7 12. h3 Rb8 13. Nc4 Ne5 14. Na3 Nh5 15. e4
Bd7 16. a5 b5 17. axb6 Bb5 18. Naxb5 axb5 19. g4 Nf6 20. Nxb5 Qxb6 21. Nc3 Nfd7
22. Re1 Nc4 23. Re2 Ra8 24. Ra4 Na5 25. Be3 Nb3 26. Rxa8 Rxa8 27. Qd3 Ra1+ 28.
Kh2 Nd4 29. Bxd4 cxd4 30. Nd1 Be5+ 31. Kg1 Nc5 32. Qd2 Nb3 33. Qe1 Qb5 34. Qf1
Qd3 35. Re1 Qd2 36. Bf3 Qf4 37. Qg2 d3 38. g5 Nd4 39. Bg4 Qxg5 40. Rf1 h5 41.
Bd7 Qf4 42. b4 d2 43. f3 Nc2 44. Qe2 Qg3+ 45. Kh1 Ne3 46. Nxe3 Rxf1+ 47. Nxf1
Qe1 0-1